Невский проспект (Запись № 13539809)

Подробности
000 -МАРКЕР
контрольное поле 03253nkm0a2200529 4500
001 - ИДЕНТИФИКАТОР ЗАПИСИ
контрольное поле RU\NLR\BIBL_A\022674328
005 - ИДЕНТИФИКАТОР ВЕРСИИ
контрольное поле 20260409070516.0
035 ## - ДРУГИЕ СИСТЕМНЫЕ НОМЕРА
Идентификатор записи (NLR Aleph) 022674328
100 ## - ДАННЫЕ ОБЩЕЙ ОБРАБОТКИ
Данные общей обработки 20251127d1916 u y0rusy50 ca
101 0# - ЯЗЫК РЕСУРСА
Язык текста, звукозаписи и т.д. русский
102 ## - СТРАНА ПУБЛИКАЦИИ ИЛИ ПРОИЗВОДСТВА
Страна публикации российская федерация
116 ## - ПОЛЕ КОДИРОВАННЫХ ДАННЫХ: ИЗОБРАЗИТЕЛЬНЫЕ МАТЕРИАЛЫ
Кодированные данные для изобразительных материалов. iiycxx bf ad
135 ## - ПОЛЕ КОДИРОВАННЫХ ДАННЫХ: ЭЛЕКТРОННЫЕ РЕСУРСЫ
Кодированные данные для электронного ресурса crcn 024anaba
181 #0 - ПОЛЕ КОДИРОВАННЫХ ДАННЫХ: ВИД СОДЕРЖАНИЯ
Код вида содержания (ISBD) b4
Код характеристики содержания (ISBD) xb2e
182 #0 - ПОЛЕ КОДИРОВАННЫХ ДАННЫХ: ТИП СРЕДСТВА
Код типа средства (ISBD) n - непосредственное
200 1# - ЗАГЛАВИЕ И СВЕДЕНИЯ ОБ ОТВЕТСТВЕННОСТИ
Основное заглавие Невский проспект
Сведения, относящиеся к заглавию по Н. В. Гоголю
-- [плакат]
Первые сведения об ответственности Д. Мельников
203 ## - ВИД СОДЕРЖАНИЯ И ТИП СРЕДСТВА
Вид содержания Изображение
Дополнительные сведения об издании неподвижное
-- двухмерное
-- визуальное
Тип средства непосредственное
210 ## - ПУБЛИКАЦИЯ, РАСПРОСТРАНЕНИЕ И ДР.
Место издания, распространения и т.д. Петроград
Имя издателя, распространителя и т. д. Т-во Р. Голике и А. Вильборг
Дата издания, распространения и т.д. 1916
215 ## - ФИЗИЧЕСКАЯ ХАРАКТЕРИСТИКА
Специфическое обозначение материала и объем 1 л.
Другие сведения о физической характеристике цв. литограф.
Размеры 110,3х76,7
300 ## - ОБЩИЕ ПРИМЕЧАНИЯ
Текст примечания На л. внизу фабр.знак "А. Дранков, Москва - Петроград" (2 павлина)
300 ## - ОБЩИЕ ПРИМЕЧАНИЯ
Текст примечания На л. внизу фабр. знак "Т-во Русь, Москва"
325 ## - ПРИМЕЧАНИЕ О КОПИИ
Текст примечания Копия доступна в Электрон. б-ке РНБ
600 #1 - ИМЯ ЛИЦА КАК ПРЕДМЕТ
Начальный элемент ввода Гоголь
Часть имени, кроме начального элемента ввода Н.В.
Расширение инициалов личного имени Николай Васильевич
Даты 1809 - 1852
Формальный подзаголовок Плакаты
Идентификатор авторитетной/нормативной записи RU\NLR\AUTH\66309282
Системный номер авторитетной/нормативной записи 1459110
604 ## - ИМЯ И ЗАГЛАВИЕ КАК ПРЕДМЕТ
Связываемые данные 700#1$aКлодт$bП.К.$gПетр Карлович$f1805 - 1867
-- 500##$a"Укротители коней"$jПлакаты$2nlr_sh1$3RU\NLR\AUTH\66539825
Идентификатор авторитетной/нормативной записи RU\NLR\AUTH\66539825
Имя лица Клодт, Петр Карлович (1805 - 1867)
Заглавие "Укротители коней"
Формальный подзаголовок Плакаты
Системный номер авторитетной/нормативной записи 1302925
606 1# - НАИМЕНОВАНИЕ ТЕМЫ КАК ПРЕДМЕТ
Наименование темы Киноплакат русский
Хронологический подзаголовок 1908 - 1919
Системный номер авторитетной/нормативной записи 2508567
Идентификатор авторитетной/нормативной записи RU\NLR\AUTH\6601702435
606 1# - НАИМЕНОВАНИЕ ТЕМЫ КАК ПРЕДМЕТ
Наименование темы Художники
Формальный подзаголовок Плакаты
Системный номер авторитетной/нормативной записи 1090638
Идентификатор авторитетной/нормативной записи RU\NLR\AUTH\66427748
610 0# - НЕКОНТРОЛИРУЕМЫЕ ПРЕДМЕТНЫЕ ТЕРМИНЫ
Предметный термин Аничков мост (Санкт-Петербург)
610 0# - НЕКОНТРОЛИРУЕМЫЕ ПРЕДМЕТНЫЕ ТЕРМИНЫ
Предметный термин Мольберты
686 ## - ИНДЕКСЫ ДРУГИХ КЛАССИФИКАЦИЙ
Индекс Щ153(2Р=Рус)53-465
700 #1 - ИМЯ ЛИЦА - ПЕРВИЧНАЯ ОТВЕТСТВЕННОСТЬ
Материалы, к которым относится поле rus
Графика поля Кириллица
Начальный элемент ввода Мельников
Часть имени, кроме начального элемента ввода Д. И.
Дополнения к именам, кроме дат художник
Даты 1889-1966
Расширение инициалов личного имени Дмитрий Иванович
Идентификатор авторитетной/нормативной записи RU\NLR\AUTH\77125635
Системный номер авторитетной/нормативной записи 108560
712 02 - НАИМЕНОВАНИЕ ОРГАНИЗАЦИИ - ВТОРИЧНАЯ ОТВЕТСТВЕННОСТЬ
Код отношения Прочие
Начальный элемент ввода "Дранков А.О. и К", акционерное о-во
Идентифицирующий признак Петроград
Идентификатор авторитетной/нормативной записи RU\NLR\AUTH\889955811
Системный номер авторитетной/нормативной записи 407738
712 02 - НАИМЕНОВАНИЕ ОРГАНИЗАЦИИ - ВТОРИЧНАЯ ОТВЕТСТВЕННОСТЬ
Код отношения Прочие
Начальный элемент ввода "Русь", фабрика кинематографических картин
Идентифицирующий признак Москва
Идентификатор авторитетной/нормативной записи RU\NLR\AUTH\8810032546
Системный номер авторитетной/нормативной записи 563642
712 02 - НАИМЕНОВАНИЕ ОРГАНИЗАЦИИ - ВТОРИЧНАЯ ОТВЕТСТВЕННОСТЬ
Код отношения Печатник (типограф)
Начальный элемент ввода "Голике, Р. и Вильборг, А.", товарищество
Идентифицирующий признак Петербург
Идентификатор авторитетной/нормативной записи RU\NLR\AUTH\8810222039
Системный номер авторитетной/нормативной записи 328916
830 ## - ОБЩЕЕ ПРИМЕЧАНИЕ, СОСТАВЛЕННОЕ КАТАЛОГИЗАТОРОМ
Текст примечания Датировка по: Вишневский В. Художественные фильмы дореволюционной России (Фильмографическое описание). - М., Госкиноиздат, 1945. - № 819
852 00 - МЕСТОНАХОЖДЕНИЕ И ШИФР ХРАНЕНИЯ
Идентификатор организации NLR
Наименование фонда или коллекции (Sub-Location Identifier) Э
Шифр хранения (Call Number) АфИс900-II/Н401
Идентификатор единицы Эаф14720
852 00 - МЕСТОНАХОЖДЕНИЕ И ШИФР ХРАНЕНИЯ
Идентификатор организации NLR
Наименование фонда или коллекции (Sub-Location Identifier) Э
Шифр хранения (Call Number) АфИс900-II/Н401
Идентификатор единицы инв.155246
856 #0 - МЕСТОНАХОЖДЕНИЕ ЭЛЕКТРОННЫХ РЕСУРОВ И ДОСТУП К НИМ
Универсальный идентификатор ресурса (Uniform Resource Identifier) https://vivaldi.nlr.ru/la700001508/view
856 #1 - МЕСТОНАХОЖДЕНИЕ ЭЛЕКТРОННЫХ РЕСУРОВ И ДОСТУП К НИМ
Универсальный идентификатор ресурса (Uniform Resource Identifier) https://vivaldi.nlr.ru/la700001508/cover
856 #2 - МЕСТОНАХОЖДЕНИЕ ЭЛЕКТРОННЫХ РЕСУРОВ И ДОСТУП К НИМ
Универсальный идентификатор ресурса (Uniform Resource Identifier) https://vivaldi.nlr.ru/la700001508/text
942 ## - ДОПОЛНИТЕЛЬНЫЕ ЭЛЕМЕНТЫ ЗАПИСИ (АБИС)
Тип экземпляра АБИС Визуальный материал
980 ## - КОЛЛЕКЦИЯ
Название коллекции Национальная библиография
981 17 - КОЛЛЕКЦИЯ ЭЛЕКТРОННОЙ БИБЛИОТЕКИ
Название коллекции Изографические материалы
Название подколлекции Плакаты

Нет доступных экземпляров.